Central Library OPAC University of Rajshahi

স্মরণিকা / (Record no. 49130)

MARC details
000 -LEADER
fixed length control field 00840nam a22002297a 4500
001 - CONTROL NUMBER
control field 49130
003 - CONTROL NUMBER IDENTIFIER
rucl marc code BD-RjUL
005 - DATE AND TIME OF LATEST TRANSACTION
control field 20211209054634.0
008 - FIXED-LENGTH DATA ELEMENTS--GENERAL INFORMATION
fixed length control field 160817s1977 bg ||||| |||| 00| 0 ben d
020 ## - INTERNATIONAL STANDARD BOOK NUMBER
Terms of availability : TK 2.00
035 ## - SYSTEM CONTROL NUMBER
System control number (BD-RjUL)49249
040 ## - CATALOGING SOURCE
Original cataloging agency BD-RjUL
Language of cataloging ben
Transcribing agency BD-RjUL
041 ## - LANGUAGE CODE
Language code of text/sound track or separate title ben
082 ## - DEWEY DECIMAL CLASSIFICATION NUMBER
Edition number 23
Classification number 398.0954924
Author mark and year SAR 1977
245 00 - TITLE STATEMENT
Title স্মরণিকা /
260 ## - PUBLICATION, DISTRIBUTION, ETC. (IMPRINT)
Place of publication, distribution, etc. রাজশাহী :
Name of publisher, distributor, etc. জাতীয় সাংস্কৃতিক অনুষ্ঠান,
Date of publication, distribution, etc. ১৯৭৭
300 ## - PHYSICAL DESCRIPTION
Pagination ৫৬ পৃ. :
Illustrations চিত্র ;
Size ২১ সেমি.
650 ## - SUBJECT ADDED ENTRY--TOPICAL TERM
Topical term or geographic name as entry element লোকসংস্কৃতি
Geographic subdivision রাজশাহী
9 (RLIN) 147744
Topical term or geographic name as entry element Folklore
Geographic subdivision Rajshahi
9 (RLIN) 147745
700 ## - ADDED ENTRY--PERSONAL NAME
Personal name রহমান, মুস্তাফিজুর, সম্পাদক
942 ## - ADDED ENTRY ELEMENTS (KOHA)
Source of classification or shelving scheme Dewey Decimal Classification
Koha item type Books
Holdings
Lost status Source of classification or shelving scheme Damaged status Not for loan Collection code Permanent Location Current Location Shelving location Date acquired Source of acquisition Total Checkouts Full call number Date last seen Copy number Koha item type
  Dewey Decimal Classification     Non-fiction Central Library, University of Rajshahi Central Library, University of Rajshahi   26/10/1976 Jila Prosasok, Rajshahi   B 398.0954924 SAR 1977 17/08/2016 C-2 Books
  Dewey Decimal Classification     Non-fiction Central Library, University of Rajshahi Central Library, University of Rajshahi   26/10/1976 District administrator, Rajshahi   B 398.0954924 SAR 1977 18/08/2016 C-3 Books